000 00451nam a22001817a 4500
003 MPLRDC
005 20220104124832.0
008 210129b ||||| |||| 00| 0 eng d
020 _a962-257-276-6
082 _a857.9 LYS-30 v.2
100 _a梁羽生著
245 _a萍踪侠影录. 下
_c
250 _a修订五版
260 _a
_b天地图书有限公司
_c1991
300 _b
650 _a武侠小说
942 _cBK
_o857.9 LYS-30 v.2
999 _c22535
_d22525